[Event "VII Lorca Open 2018"]
[Site "Lorca"]
[Date "2018.12.29"]
[Round "6"]
[White "Ramiro Ovejero, Juan Luis"]
[Black "Bharath Subramaniyam H"]
[Result "1/2-1/2"]
[WhiteElo "2358"]
[BlackElo "2234"]
[Annotator "NA"]
[PlyCount "95"]
[EventDate "2018.12.26"]
[EventType "swiss"]
[EventCountry "ESP"]
[SourceTitle "playchess.com"]
[Source "ChessBase"]
[SourceQuality "1"]
[TimeControl "5400+30"]

1. e4 {[%emt 0:00:00]} c5 {[%emt 0:00:00]} 2. Nf3 {[%emt 0:00:00]} e6 {[%emt 0:00:00]} 3. c3 {[%emt 0:00:00]} Nf6 {[%emt 0:02:24]} 4. e5 {[%emt 0:00:00]} Nd5 {[%emt 0:00:20]} 5. d4 {[%emt 0:00:11]} cxd4 {[%emt 0:01:26]} 6. cxd4 {[%emt 0:00:06]} d6 {[%emt 0:02:15]} 7. Bc4 {[%emt 0:00:34]} Nc6 {[%emt 0:00:59]} 8. O-O {[%emt 0:00:23]} Be7 {[%emt 0:01:17]} 9. Qe2 {[%emt 0:00:51]} O-O {[%emt 0:02:11]} 10. Rd1 {[%emt 0:00:16]} b6 {[%emt 0:10:09]} 11. Bxd5 {[%emt 0:06:03]} exd5 {[%emt 0:00:03]} 12. Nc3 {[%emt 0:00:21]} dxe5 {[%emt 0:05:23]} 13. dxe5 {[%emt 0:12:53]} Be6 {[%emt 0:00:56]} 14. Qb5 {[%emt 0:02:09]} Nb4 {[%emt 0:06:25]} 15. Nd4 {[%emt 0:22:48]} Bc5 {[%emt 0:01:47]} 16. Be3 $14 {[%emt 0:02:00]} Qc7 {[%emt 0:07:55]} 17. Rac1 {[%emt 0:00:53]} Bg4 {[%emt 0:16:14]} 18. Rd2 {[%emt 0:02:44]} Bd7 {[%emt 0:04:02]} 19. Qf1 {[%emt 0:06:25]} Qb7 {[%emt 0:16:57]} 20. a3 {[%emt 0:06:19]} Nc6 {[%emt 0:03:30]} 21. Nxc6 {[%emt 0:00:44]} Bxc6 {[%emt 0:00:03]} 22. Bd4 {[%emt 0:00:16]} Rae8 {[%emt 0:00:43]} 23. f4 {[%emt 0:02:01]} f6 {[%emt 0:01:07]} 24. exf6 {[%emt 0:00:31]} Rxf6 {[%emt 0:00:18]} 25. b4 {[%emt 0:00:29]} Bxd4+ {[%emt 0:00:44]} 26. Rxd4 {[%emt 0:00:05]} Qf7 {[%emt 0:00:11]} 27. Qf3 {[%emt 0:04:21]} Rfe6 {[%emt 0:02:14]} 28. Kf2 {[%emt 0:08:51]} Qe7 {[%emt 0:06:01]} 29. Nxd5 {[%emt 0:03:57]} Qh4+ {[%emt 0:03:34]} 30. Qg3 {[%emt 0:00:14]} Qh5 {[%emt 0:00:18]} 31. Qf3 {[%emt 0:12:26]} Qxh2 {[%emt 0:01:23]} 32. Qh3 {[%emt 0:03:19]} Re2+ {[%emt 0:03:04]} 33. Kf1 {[%emt 0:00:04]} Qxh3 {[%emt 0:00:33]} 34. gxh3 {[%emt 0:00:04]} Bxd5 {[%emt 0:00:31]} 35. Rxd5 {[%emt 0:00:04]} Rh2 {[%emt 0:00:23]} 36. Rc3 {[%emt 0:00:46]} Re7 {[%emt 0:00:57]} 37. Rdd3 {[%emt 0:02:16]} Kf7 {[%emt 0:00:15]} 38. Re3 {[%emt 0:00:16]} Rxe3 {[%emt 0:00:25]} 39. Rxe3 {[%emt 0:00:03]} Ra2 {[%emt 0:00:09]} 40. Rc3 {[%emt 0:01:08]} Kf6 {[%emt 0:01:02]} 41. Rc6+ {[%emt 0:00:27]} Kf5 {[%emt 0:00:39]} 42. Rc7 {[%emt 0:00:03]} Rxa3 {[%emt 0:00:12]} 43. Rxg7 {[%emt 0:00:29]} h6 {[%emt 0:01:19]} 44. Rf7+ {[%emt 0:00:13]} Kg6 {[%emt 0:00:12]} 45. Rd7 {[%emt 0:00:38]} Rxh3 {[%emt 0:00:23]} 46. Kg2 {[%emt 0:00:39]} Ra3 {[%emt 0:00:15]} 47. Rd5 {[%emt 0:00:16]} h5 {[%emt 0:00:55]} 48. Rg5+ {[%emt 0:04:24]} 1/2-1/2

[Event "VII Lorca Open 2018"]
[Site "Lorca"]
[Date "2018.12.29"]
[Round "6"]
[White "Pogorelov, Ruslan"]
[Black "Sabuk, Piotr"]
[Result "1/2-1/2"]
[WhiteElo "2354"]
[BlackElo "2391"]
[Annotator "NA"]
[PlyCount "113"]
[EventDate "2018.12.26"]
[EventType "swiss"]
[EventCountry "ESP"]
[SourceTitle "playchess.com"]
[Source "ChessBase"]
[SourceQuality "1"]
[TimeControl "5400+30"]

1. Nf3 {[%emt 0:07:14]} Nf6 {[%emt 0:00:18]} 2. c4 {[%emt 0:00:07]} e6 {[%emt 0:00:12]} 3. Nc3 {[%emt 0:00:07]} d5 {[%emt 0:00:10]} 4. d4 {[%emt 0:00:06]} c5 {[%emt 0:00:12]} 5. cxd5 {[%emt 0:00:11]} Nxd5 {[%emt 0:00:07]} 6. e4 {[%emt 0:00:08]} Nxc3 {[%emt 0:00:06]} 7. bxc3 {[%emt 0:00:07]} cxd4 {[%emt 0:00:07]} 8. cxd4 {[%emt 0:00:10]} Bb4+ {[%emt 0:00:06]} 9. Bd2 {[%emt 0:00:08]} Bxd2+ {[%emt 0:00:07]} 10. Qxd2 {[%emt 0:00:07]} O-O {[%emt 0:00:18]} 11. Bc4 {[%emt 0:02:59]} Nd7 {[%emt 0:00:22]} 12. O-O {[%emt 0:00:17]} b6 {[%emt 0:00:06]} 13. a4 {[%emt 0:02:42]} Bb7 {[%emt 0:00:14]} 14. Rfe1 {[%emt 0:00:41]} Rb8 {[%emt 0:00:31]} 15. d5 {[%emt 0:13:26]} exd5 {[%emt 0:13:31]} 16. exd5 {[%emt 0:03:25]} Rc8 {[%emt 0:14:07]} 17. Rac1 {[%emt 0:10:43]} Qf6 {[%emt 0:09:54]} 18. a5 {[%emt 0:12:14]} Nc5 $11 {[%emt 0:05:32]} 19. axb6 {[%emt 0:07:32]} axb6 {[%emt 0:00:24]} 20. h3 {[%emt 0:14:27]} Rfd8 {[%emt 0:12:32]} 21. Qe3 {[%emt 0:01:10]} h6 {[%emt 0:01:32]} 22. Red1 {[%emt 0:03:56]} Rd6 {[%emt 0:11:23]} 23. Rd4 {[%emt 0:01:53]} Rcd8 {[%emt 0:01:38]} 24. Rcd1 {[%emt 0:03:41]} Qf5 {[%emt 0:13:00]} 25. Rf4 {[%emt 0:02:55]} Qc2 {[%emt 0:00:09]} 26. Rd2 {[%emt 0:02:36]} Qc1+ {[%emt 0:09:47]} 27. Kh2 {[%emt 0:00:16]} Ba6 {[%emt 0:02:07]} 28. Bxa6 {[%emt 0:01:16]} Nxa6 {[%emt 0:00:01]} 29. Ne5 {[%emt 0:05:15]} Re8 {[%emt 0:00:36]} 30. Qd4 {[%emt 0:00:31]} Qxd2 {[%emt 0:03:14]} 31. Qxd2 {[%emt 0:00:19]} Rxe5 {[%emt 0:00:05]} 32. Qc3 {[%emt 0:00:41]} Re8 {[%emt 0:00:20]} 33. Rg4 {[%emt 0:01:42]} g6 {[%emt 0:00:42]} 34. Qd2 {[%emt 0:01:16]} h5 {[%emt 0:01:00]} 35. Ra4 {[%emt 0:01:07]} Nc7 {[%emt 0:01:39]} 36. Ra7 {[%emt 0:00:30]} Nxd5 {[%emt 0:00:43]} 37. Rb7 {[%emt 0:00:53]} Red8 {[%emt 0:00:25]} 38. Qb2 {[%emt 0:00:43]} R6d7 {[%emt 0:00:30]} 39. Rxd7 {[%emt 0:00:25]} Rxd7 {[%emt 0:00:01]} 40. Qb5 {[%emt 0:00:19]} Rd8 {[%emt 0:00:12]} 41. g4 {[%emt 0:00:28]} hxg4 {[%emt 0:00:38]} 42. hxg4 {[%emt 0:00:02]} Kf8 {[%emt 0:00:24]} 43. Kg3 {[%emt 0:00:17]} Rd6 {[%emt 0:00:31]} 44. f4 {[%emt 0:00:43]} Ke7 {[%emt 0:00:26]} 45. Kf3 {[%emt 0:00:41]} Nc7 {[%emt 0:00:34]} 46. Qe5+ {[%emt 0:00:33]} Kd7 {[%emt 0:00:04]} 47. f5 {[%emt 0:01:02]} f6 {[%emt 0:01:04]} 48. Qh2 {[%emt 0:00:37]} g5 {[%emt 0:00:48]} 49. Qb2 {[%emt 0:01:00]} Kc6 {[%emt 0:01:18]} 50. Qb4 {[%emt 0:00:28]} Na6 {[%emt 0:00:37]} 51. Qe4+ {[%emt 0:00:24]} Kc7 {[%emt 0:00:31]} 52. Qe7+ {[%emt 0:00:15]} Kc6 {[%emt 0:00:21]} 53. Qe8+ {[%emt 0:00:41]} Kc7 {[%emt 0:00:29]} 54. Qe7+ {[%emt 0:00:34]} Kc6 {[%emt 0:00:17]} 55. Qe8+ {[%emt 0:00:16]} Kb7 {[%emt 0:00:36]} 56. Qe7+ {[%emt 0:00:15]} Kc6 {[%emt 0:00:09]} 57. Ke4 {[%emt 0:01:59]} 1/2-1/2

[Event "VII Lorca Open 2018"]
[Site "Lorca"]
[Date "2018.12.29"]
[Round "6"]
[White "Guerra Rivera, Salvador"]
[Black "Natarajan C"]
[Result "1-0"]
[WhiteElo "2343"]
[BlackElo "2177"]
[Annotator "NA"]
[PlyCount "89"]
[EventDate "2018.12.26"]
[EventType "swiss"]
[EventCountry "ESP"]
[SourceTitle "playchess.com"]
[Source "ChessBase"]
[SourceQuality "1"]
[TimeControl "5400+30"]

1. e4 {[%emt 1:30:30]} e6 {[%emt 1:30:30]} 2. d4 {[%emt 0:00:30]} d5 {[%emt 0:00:30]} 3. Nd2 {[%emt 0:00:30]} Nf6 {[%emt 0:00:30]} 4. e5 {[%emt 0:00:30]} Nfd7 {[%emt 0:00:30]} 5. f4 {[%emt 0:00:30]} c5 {[%emt 0:00:30]} 6. c3 {[%emt 0:00:30]} Nc6 {[%emt 0:00:30]} 7. Ndf3 {[%emt 0:00:30]} Qb6 {[%emt 0:00:30]} 8. a3 {[%emt 0:00:30]} a5 9. b3 {C05: French Tarrasch: 3...Nf6 4 e5 Nfd7, 5 f4 and 5 Bd3 sidelines} (9. Nh3 Be7 10. f5 cxd4 11. cxd4 exf5 12. Nf4 O-O 13. Nxd5 Qd8 14. Nc3 Nb6 15. d5 Nxe5 16. Nxe5 Re8 {0-1 (27) Zhao,J (2613)-Wan,Y (2472) Xinghua 2015}) 9... Be7 10. h4 f6 11. Bd3 cxd4 12. cxd4 f5 13. Ne2 h5 14. Rh3 g6 $146 ({Predecessor:} 14... Nf8 15. Rg3 g6 {½-½ (57) Bauer,M (1910)-Horvath,M (2008) Jenbach 2009}) 15. Be3 Nf8 16. Kf2 Nd8 17. Nc3 Bd7 18. a4 Nf7 19. Nb5 Nh6 20. Rc1 $14 Rc8 21. Rxc8+ Bxc8 22. Qc2 Bd7 23. Rh1 Bc6 24. Bd2 Ng4+ 25. Ke2 Nd7 26. Bc3 Kf7 27. Ng5+ Bxg5 28. Nd6+ Kg7 29. hxg5 Nb8 30. Qd2 Bd7 31. Bb5 Nc6 32. Bb2 Rd8 33. Rc1 Rh8 34. Qc3 h4 35. Rh1 Rh5 36. Rh3 Rh8 37. Qd2 Qa7 38. Bc3 Rh5 39. Bxc6 Bxc6 40. Bxa5 Qa6+ 41. Ke1 Rh8 42. Qb4 Nh2 43. Nb5 Kf7 44. Rxh2 b6 45. Nd6+ 1-0

[Event "VII Lorca Open 2018"]
[Site "Lorca"]
[Date "2018.12.29"]
[Round "6"]
[White "Aguilar, Andres"]
[Black "Cebrian Flores, Juan Antonio"]
[Result "0-1"]
[WhiteElo "2307"]
[BlackElo "2015"]
[Annotator "NA"]
[PlyCount "22"]
[EventDate "2018.12.26"]
[EventType "swiss"]
[EventCountry "ESP"]
[SourceTitle "playchess.com"]
[Source "ChessBase"]
[SourceQuality "1"]
[TimeControl "5400+30"]

1. c4 {[%emt 0:00:00]} e5 {[%emt 0:00:55]} 2. g3 {[%emt 0:02:06]} Nc6 {[%emt 0:00:32]} 3. Bg2 {[%emt 0:00:18]} Bc5 {[%emt 0:01:28]} 4. Nc3 {[%emt 0:02:41]} d6 {[%emt 0:00:30]} 5. e3 {[%emt 0:00:30]} a6 {[%emt 0:00:30]} 6. Nge2 {[%emt 0:00:30]} Ba7 {[%emt 0:00:30]} 7. d3 {[%emt 0:00:30]} h5 {[%emt 0:00:30]} 8. h3 {[%emt 0:00:30]} h4 {[%emt 0:00:30]} 9. g4 {[%emt 0:00:30]} f5 {[%emt 0:00:30]} 10. gxf5 {[%emt 0:00:30]} Bxf5 {[%emt 0:00:30]} 11. Nd5 {[%emt 0:00:30]} Qd7 {[%emt 0:31:05]} 0-1

[Event "VII Lorca Open 2018"]
[Site "Lorca"]
[Date "2018.12.29"]
[Round "6"]
[White "Orantes Taboada, Francisco"]
[Black "Medarde Santiago, Luis Marcos"]
[Result "1-0"]
[WhiteElo "2295"]
[BlackElo "2386"]
[Annotator "NA"]
[PlyCount "93"]
[EventDate "2018.12.26"]
[EventType "swiss"]
[EventCountry "ESP"]
[SourceTitle "playchess.com"]
[Source "ChessBase"]
[SourceQuality "1"]
[TimeControl "5400+30"]

1. e4 {[%emt 0:00:00]} c5 {[%emt 0:05:12]} 2. Nf3 {[%emt 0:00:00]} e6 {[%emt 0:00:19]} 3. c3 {[%emt 0:02:57]} Nf6 {[%emt 0:00:09]} 4. e5 {[%emt 0:01:14]} Nd5 {[%emt 0:00:02]} 5. Bc4 {[%emt 0:01:12]} Nb6 {[%emt 0:00:38]} 6. Bb3 {[%emt 0:00:11]} Nc6 {[%emt 0:01:56]} 7. d4 {[%emt 0:02:12]} cxd4 {[%emt 0:01:59]} 8. cxd4 {[%emt 0:00:26]} d5 {[%emt 0:00:06]} 9. exd6 {[%emt 0:02:03]} Bxd6 {[%emt 0:06:03]} 10. O-O {[%emt 0:00:51]} Nd5 {[%emt 0:03:59] B22: Sicilian: 2 c3} (10... O-O 11. Nc3 Ne7 12. Qe2 Bd7 13. Ne5 Bxe5 14. dxe5 Bc6 15. Bg5 Qe8 16. Rad1 Nbd5 17. Rd3 Ng6 18. Bxd5 exd5 19. Re1 Qe6 {½-½ (51) Zhigalko,S (2656)-Andreikin,D (2720) Berlin 2015}) 11. Bxd5 {[%emt 0:16:32]} exd5 {[%emt 0:00:30]} 12. Re1+ {[%emt 0:00:09]} Ne7 {[%emt 0:10:54]} 13. Qb3 $146 {[%emt 0:01:14]} ({Predecessor:} 13. Nc3 O-O 14. Bd2 Bd7 15. Qb3 Bc6 16. Nb5 Bxb5 17. Qxb5 b6 18. Rac1 a6 19. Qd3 Qd7 20. Rc2 Qb7 21. Rec1 Rac8 22. Rxc8 Rxc8 {½-½ (21) Fesselier,M (1695)-Schwarz,L (1837) Oberhof 2012}) 13... O-O {[%emt 0:01:03]} 14. Nc3 {[%emt 0:00:19]} f6 {[%emt 0:17:00]} 15. Ne4 {[%emt 0:03:04]} Rf7 {[%emt 0:03:51]} 16. Nxd6 {[%emt 0:03:02]} Qxd6 {[%emt 0:01:09]} 17. Bd2 {[%emt 0:01:04]} Nc6 {[%emt 0:06:12]} 18. Re8+ {[%emt 0:01:15]} Rf8 {[%emt 0:00:01]} 19. Rae1 {[%emt 0:00:23]} Bd7 {[%emt 0:04:53] [#]} 20. Rxa8 $16 {[%emt 0:03:08]} (20. Bf4 $1 $18 {[%mdl 512] and the rest is easy.} Nxd4 (20... Qxf4 21. Qxd5+) 21. Bxd6 Nxb3 22. Rxf8+ Rxf8 23. Bxf8 Kxf8 24. axb3) 20... Rxa8 {[%emt 0:00:02]} 21. Bf4 {[%emt 0:40:03]} Qf8 {[%emt 0:09:13]} 22. Qxb7 {[%emt 0:02:39]} Qc8 {[%emt 0:00:53]} 23. Qb5 {[%emt 0:07:05]} Ne7 {[%emt 0:04:50]} 24. Qa5 {[%emt 0:01:21]} Be6 {[%emt 0:02:58]} 25. Rc1 {[%emt 0:01:12]} Qe8 {[%emt 0:01:42]} 26. Rc7 {[%emt 0:00:51]} a6 {[%emt 0:01:36]} 27. Qb6 {[%emt 0:01:26]} Ng6 {[%emt 0:06:18]} 28. Qb7 {[%emt 0:06:36]} Nxf4 {[%emt 0:02:04]} 29. Rxg7+ {[%emt 0:00:10]} Kf8 {[%emt 0:00:09]} 30. Rxh7 {[%emt 0:00:08]} Bf7 {[%emt 0:00:52]} 31. Rxf7+ {[%emt 0:00:10]} Qxf7 {[%emt 0:00:01]} 32. Qxa8+ {[%emt 0:00:10]} Kg7 {[%emt 0:00:12]} 33. Qxa6 {[%emt 0:01:55]} Qg6 {[%emt 0:00:10]} 34. Qf1 {[%emt 0:00:43]} Qc2 {[%emt 0:00:41]} 35. g3 {[%emt 0:00:50]} Ne2+ {[%emt 0:00:01]} 36. Kg2 {[%emt 0:00:11]} Qxb2 {[%emt 0:01:25]} 37. Qd1 {[%emt 0:00:24]} Qxa2 {[%emt 0:00:52]} 38. Qd3 {[%emt 0:00:14]} Nc1 {[%emt 0:01:41]} 39. Qe3 {[%emt 0:00:36]} Qc2 {[%emt 0:00:15]} 40. Qe7+ {[%emt 0:00:41]} Kg8 {[%emt 0:04:13]} 41. Qxf6 {[%emt 0:00:08]} Nd3 {[%emt 0:01:55]} 42. Ne5 {[%emt 0:00:09]} Ne1+ {[%emt 0:01:57]} 43. Kf1 {[%emt 0:00:09]} Kh7 {[%emt 0:00:57]} 44. Qf7+ {[%emt 0:00:08]} Kh6 {[%emt 0:00:10]} 45. Ng4+ {[%emt 0:00:06]} Kg5 {[%emt 0:00:11]} 46. Qg7+ {[%emt 0:00:06]} Kf5 {[%emt 0:00:10]} 47. Ne3+ {[%emt 0:00:08]} 1-0

[Event "VII Lorca Open 2018"]
[Site "Lorca"]
[Date "2018.12.29"]
[Round "6"]
[White "Jimenez Ruano, Adrian"]
[Black "Mingarro Carceller, Sergi"]
[Result "1-0"]
[WhiteElo "2245"]
[BlackElo "2361"]
[Annotator "NA"]
[PlyCount "49"]
[EventDate "2018.12.26"]
[EventType "swiss"]
[EventCountry "ESP"]
[SourceTitle "playchess.com"]
[Source "ChessBase"]
[SourceQuality "1"]
[TimeControl "5400+30"]

1. d4 {[%emt 0:00:00]} d5 {[%emt 0:00:00]} 2. c4 {[%emt 0:00:00]} e6 {[%emt 0:00:00]} 3. Nc3 {[%emt 0:00:00]} Bb4 {[%emt 0:00:00]} 4. e3 {[%emt 0:00:22]} Nf6 {[%emt 0:00:02]} 5. a3 {[%emt 0:00:14]} Bxc3+ {[%emt 0:00:38]} 6. bxc3 {[%emt 0:00:02]} c6 {[%emt 0:00:15] E40: Nimzo-Indian: Rubinstein (4 e3): Unusual Black 4th moves} (6... c5 7. Nf3 O-O 8. Be2 dxc4 9. Bxc4 Qc7 10. Be2 b6 11. O-O Bb7 12. Bb2 Nbd7 13. h3 Rfd8 14. a4 Rac8 15. a5 h6 16. axb6 axb6 17. Ra7 Ra8 18. Rxa8 Rxa8 19. c4 Rc8 20. Qb3 Qc6 {½-½ (51) Nepomniachtchi,I (2768)-Inarkiev,E (2690) Satka 2018}) 7. a4 {[%emt 0:00:26]} O-O {[%emt 0:00:14]} 8. Nf3 {[%emt 1:32:56]} b6 {[%emt 0:01:52]} 9. Bd3 {[%emt 0:00:30]} Ba6 10. cxd5 {[%emt 0:00:30]} cxd5 {[%emt 0:01:00]} 11. Bxa6 {[%emt 0:00:30]} Nxa6 {[%emt 0:06:40]} 12. Qd3 {[%emt 0:00:30]} Qc7 $2 $146 {[%emt 0:00:30]} (12... Nb8 $11 {and Black is okay.}) ({Predecessor:} 12... Nc7 13. Bd2 Re8 14. h4 Ne4 15. Ne5 {½-½ (49) Henrotte,N (1655)-Laarhoven,M (1716) Maastricht 2010}) 13. Ba3 {[%emt 0:00:30]} Rfc8 {[%emt 0:00:30]} 14. Qxa6 {[%emt 0:00:30]} Qxc3+ {[%emt 0:00:30]} 15. Ke2 {[%emt 0:00:30]} Qc2+ {[%emt 0:00:30]} 16. Nd2 {[%emt 0:00:30]} Ne4 {[%emt 0:00:30]} 17. Bb4 {[%emt 0:00:30]} Rc3 {[%emt 0:00:30]} 18. Rhd1 {[%emt 0:00:30]} b5 {[%emt 0:00:30]} 19. Rac1 {[%emt 0:00:30]} Qd3+ $18 {[%emt 0:00:30]} 20. Ke1 Qxd2+ 21. Rxd2 Rxc1+ 22. Rd1 Rc4 23. Qxb5 h6 24. f3 Nf6 25. Bc5 {[%emt 0:00:00]} 1-0

[Event "VII Lorca Open 2018"]
[Site "Lorca"]
[Date "2018.12.29"]
[Round "6"]
[White "Sreeshwan Maralakshikari"]
[Black "Domingo Nunez, Ruben"]
[Result "1/2-1/2"]
[WhiteElo "2244"]
[BlackElo "2383"]
[Annotator "NA"]
[PlyCount "60"]
[EventDate "2018.12.26"]
[EventType "swiss"]
[EventCountry "ESP"]
[SourceTitle "playchess.com"]
[Source "ChessBase"]
[SourceQuality "1"]
[TimeControl "5400+30"]

1. d4 {[%emt 0:00:00]} Nf6 {[%emt 0:01:59]} 2. c4 {[%emt 0:00:00]} e6 {[%emt 0:00:02]} 3. Nc3 {[%emt 0:00:00]} Bb4 {[%emt 0:00:03]} 4. e3 {[%emt 0:00:00]} O-O {[%emt 0:00:04]} 5. Bd3 {[%emt 0:00:00]} d5 {[%emt 0:00:04]} 6. Nf3 {[%emt 0:00:00]} b6 {[%emt 0:00:15]} 7. O-O {[%emt 1:33:30]} Bb7 {[%emt 0:00:05]} 8. cxd5 {[%emt 0:00:00]} exd5 {[%emt 0:00:35]} 9. Bd2 {[%emt 0:01:00]} a6 {[%emt 0:03:28]} 10. Ne5 {[%emt 0:00:18] E52: Nimzo-Indian: Rubinstein: 4...0-0 5 Nf3 d5 6 Bd3 b6} Bd6 {[%emt 0:00:30]} 11. f4 {[%emt 0:00:30]} c5 {[%emt 0:00:30]} 12. Rc1 {[%emt 0:00:30]} Nbd7 {[%emt 0:00:30]} (12... Nc6 13. Ne2 Ne7 14. Be1 Ne4 15. Ng3 cxd4 16. exd4 b5 17. Kh1 f6 18. Ng4 Qd7 {0-1 (38) Duda,J (2717)-Zhigalko,S (2641) Katowice 2017}) 13. Be1 {[%emt 0:00:30]} Ne4 {[%emt 0:00:30]} 14. Nxe4 $146 {[%emt 0:00:30]} ({Predecessor:} 14. Qh5 Ndf6 15. Qh3 Nxc3 16. Bxc3 Ne4 17. Bxe4 dxe4 18. dxc5 bxc5 {1-0 (32) Valenzuela Gomez,F (2389)-Perez Pastora,E (2103) Barcelona 2018}) 14... dxe4 {[%emt 0:00:30]} 15. Bc4 {[%emt 0:00:30]} Nf6 {[%emt 0:00:30]} 16. Qb3 {[%emt 0:00:30]} Qc7 {[%emt 0:00:30]} 17. a4 {[%emt 0:00:30]} b5 {[%emt 0:00:30]} 18. axb5 {[%emt 0:00:30]} axb5 {[%emt 0:00:30]} 19. Qxb5 {[%emt 0:00:30]} Ba6 {[%emt 0:00:30]} 20. Qb3 {[%emt 0:00:30]} Rab8 {[%emt 0:00:30]} 21. Qd1 {[%emt 0:00:30]} (21. Qa3 $16 Bxc4 22. Nxc4) 21... Bxc4 {[%emt 0:00:30]} 22. Nxc4 {[%emt 0:00:30]} cxd4 {[%emt 0:00:30]} 23. Qxd4 {[%emt 0:00:00]} Bc5 {[%emt 0:10:28]} 24. Qd1 {[%emt 0:07:30]} Rfd8 $11 {[%emt 1:10:38]} (24... Rbd8 $5 {[%cal Rd8d1]} 25. Qe2 Nd5 $14) 25. Qe2 {[%emt 0:00:00]} Nd5 {[%emt 0:00:30]} 26. Ba5 {[%emt 0:00:00]} Bxe3+ {[%emt 0:00:30]} 27. Qxe3 {[%emt 0:00:00]} Qxa5 {[%emt 0:00:30]} 28. Qxe4 {[%emt 0:00:00]} Qa7+ {[%emt 0:00:30]} 29. Kh1 {[%emt 0:00:00]} Nf6 {[%emt 0:11:35]} 30. Qf5 {[%emt 0:00:00]} Qa4 {[%emt 0:00:30]} 1/2-1/2

[Event "VII Lorca Open 2018"]
[Site "Lorca"]
[Date "2018.12.29"]
[Round "6"]
[White "Martinez Fernandez, Adrian"]
[Black "Domingo Nunez, Alejandro"]
[Result "1/2-1/2"]
[WhiteElo "2212"]
[BlackElo "2404"]
[Annotator "NA"]
[PlyCount "47"]
[EventDate "2018.12.26"]
[EventType "swiss"]
[EventCountry "ESP"]
[SourceTitle "playchess.com"]
[Source "ChessBase"]
[SourceQuality "1"]
[TimeControl "5400+30"]

1. e4 {[%emt 0:00:00]} e6 {[%emt 0:00:00]} 2. d4 {[%emt 0:00:00]} d5 {[%emt 0:00:05]} 3. exd5 {[%emt 0:00:22]} exd5 {[%emt 0:00:07]} 4. Nf3 {[%emt 0:00:07]} Bd6 {[%emt 0:01:59]} 5. Bd3 {[%emt 0:00:36]} Nc6 {[%emt 0:01:22]} 6. c3 {[%emt 0:02:28]} Nge7 {[%emt 0:03:29]} 7. O-O {[%emt 0:00:12]} Bg4 {[%emt 0:03:15]} 8. Nbd2 {[%emt 0:00:14]} Qd7 {[%emt 0:00:32]} 9. Re1 {[%emt 0:00:12]} O-O {[%emt 0:08:37]} 10. Qc2 {[%emt 0:00:12]} Bf5 {[%emt 0:06:46]} 11. Nf1 {[%emt 0:00:10]} Bxd3 {[%emt 0:01:11]} 12. Qxd3 {[%emt 0:00:10]} Qf5 {[%emt 0:00:53]} 13. Qxf5 {[%emt 0:00:10]} Nxf5 {[%emt 0:00:04]} 14. Ng3 {[%emt 0:00:15]} Nxg3 {[%emt 0:00:46]} 15. hxg3 {[%emt 0:00:11]} f6 {[%emt 0:02:10]} 16. Bf4 {[%emt 0:00:24]} Bxf4 {[%emt 0:00:53]} 17. gxf4 {[%emt 0:00:07]} Kf7 {[%emt 0:00:27]} 18. Kf1 {[%emt 0:00:54]} Ne7 {[%emt 0:01:01]} 19. Nh4 {[%emt 0:03:24]} Nc8 {[%emt 0:04:56]} 20. Re2 {[%emt 0:02:13]} Nd6 {[%emt 0:01:02]} 21. Rae1 {[%emt 0:00:43]} Rae8 {[%emt 0:04:08]} 22. Rxe8 {[%emt 0:02:13]} Rxe8 {[%emt 0:00:07]} 23. Rxe8 {[%emt 0:00:28]} Kxe8 {[%emt 0:00:28]} 24. Ke2 {[%emt 0:03:32]} 1/2-1/2

[Event "VII Lorca Open 2018"]
[Site "Lorca"]
[Date "2018.12.29"]
[Round "6"]
[White "Aguilera Lopez, Alejandro"]
[Black "Tejedor Fuente, Enrique"]
[Result "0-1"]
[WhiteElo "2198"]
[BlackElo "2428"]
[Annotator "NA"]
[PlyCount "114"]
[EventDate "2018.12.26"]
[EventType "swiss"]
[EventCountry "ESP"]
[SourceTitle "playchess.com"]
[Source "ChessBase"]
[SourceQuality "1"]
[TimeControl "5400+30"]

1. d4 {[%emt 0:00:00]} d5 {[%emt 0:02:12]} 2. Nf3 {[%emt 0:00:00]} c5 {[%emt 0:01:56]} 3. e3 {[%emt 0:00:00]} Nc6 {[%emt 0:01:20]} 4. Nbd2 {[%emt 0:00:15]} cxd4 {[%emt 0:00:06]} 5. exd4 {[%emt 1:32:15]} Bf5 6. Bb5 {[%emt 0:00:00]} e6 {[%emt 0:04:29]} 7. O-O {[%emt 0:00:00]} Bd6 {[%emt 0:00:31]} 8. c3 {[%emt 0:00:00]} h6 {[%emt 0:03:02]} 9. Ne5 {[%emt 0:00:00]} Nge7 {[%emt 0:00:53]} 10. Qe2 {[%emt 0:00:00]} O-O {[%emt 0:01:13]} 11. f4 {[%emt 0:00:00]} a6 {[%emt 0:01:01]} 12. Bd3 {[%emt 0:00:00]} Bxd3 {[%emt 0:00:37]} 13. Qxd3 {[%emt 0:00:00]} b5 {[%emt 0:00:27]} 14. a3 {[%emt 0:00:00]} Ra7 {[%emt 0:02:42]} 15. Ndf3 {[%emt 0:00:00]} Qb6 {[%emt 0:00:35]} 16. g4 {[%emt 0:00:00]} f6 {[%emt 0:06:21]} 17. Nxc6 {[%emt 0:00:00]} Qxc6 {[%emt 0:04:20]} 18. Be3 {[%emt 0:00:00]} Qe8 {[%emt 0:01:00]} 19. Rae1 {[%emt 0:00:00]} Qg6 {[%emt 0:05:16]} 20. Qxg6 {[%emt 0:00:00]} Nxg6 {[%emt 0:00:03]} 21. f5 {[%emt 0:00:00]} exf5 {[%emt 0:00:01]} 22. gxf5 {[%emt 0:00:00]} Ne7 {[%emt 0:00:08]} 23. Nh4 {[%emt 0:00:00]} a5 {[%emt 0:02:50]} 24. Bd2 {[%emt 0:00:00]} b4 {[%emt 0:12:06]} 25. Re6 {[%emt 0:00:00]} Rd8 {[%emt 0:00:31]} 26. cxb4 {[%emt 0:00:00]} axb4 {[%emt 0:00:09]} 27. Bxb4 {[%emt 0:00:00]} Bxb4 {[%emt 0:00:30]} 28. axb4 {[%emt 0:00:00]} Rb8 {[%emt 0:01:49]} 29. Ng6 {[%emt 0:00:00]} Kf7 {[%emt 0:00:48]} 30. Nxe7 {[%emt 0:00:00]} Rxe7 {[%emt 0:00:02]} 31. Rxe7+ {[%emt 0:00:00]} Kxe7 {[%emt 0:00:30]} 32. Re1+ {[%emt 0:00:00]} Kf7 {[%emt 0:00:46]} 33. Ra1 {[%emt 0:00:00]} Rxb4 {[%emt 0:00:21]} 34. Ra7+ {[%emt 0:00:00]} Kg8 {[%emt 0:00:14]} 35. Ra8+ {[%emt 0:00:00]} Kh7 {[%emt 0:00:01]} 36. Rd8 {[%emt 0:00:00]} Rxd4 {[%emt 0:00:02]} 37. Kg2 {[%emt 0:00:00]} h5 {[%emt 0:02:48]} 38. Kf3 {[%emt 0:00:00]} Kh6 {[%emt 0:02:00]} 39. Rd7 {[%emt 0:00:00]} Rd1 {[%emt 0:18:42]} 40. Ke3 {[%emt 0:00:00]} Rb1 {[%emt 0:02:20]} 41. Rb7 {[%emt 0:00:00]} Rf1 {[%emt 0:00:30]} 42. b4 {[%emt 0:00:00]} Rxf5 {[%emt 0:00:30]} 43. b5 {[%emt 0:00:00]} g5 {[%emt 0:00:30]} 44. b6 {[%emt 0:00:00]} Rf4 {[%emt 0:00:30]} 45. Rb8 {[%emt 0:00:00]} Rb4 {[%emt 0:00:30]} 46. b7 {[%emt 0:00:00]} Kg7 {[%emt 0:00:30]} 47. Kd3 {[%emt 0:00:00]} g4 {[%emt 0:00:30]} 48. Kc3 {[%emt 0:00:00]} Rb5 {[%emt 0:00:30]} 49. Kd4 {[%emt 0:00:00]} h4 {[%emt 0:00:30]} 50. Ke3 {[%emt 0:00:00]} Rb4 {[%emt 0:00:30]} 51. Kd3 {[%emt 0:00:00]} g3 {[%emt 0:00:30]} 52. hxg3 {[%emt 0:00:00]} h3 {[%emt 0:00:30]} 53. Ra8 {[%emt 0:00:00]} h2 {[%emt 0:00:30]} 54. Ra1 {[%emt 0:00:00]} Rxb7 {[%emt 0:00:30]} 55. Rh1 {[%emt 0:00:00]} Rb2 {[%emt 0:00:30]} 56. Ke3 {[%emt 0:00:00]} Kg6 {[%emt 0:00:30]} 57. Kf4 {[%emt 0:00:00]} d4 {[%emt 0:00:30]} 0-1